[Event "AUTO-OPEN-909"]
[Site "http://www.queenalice.com/game.php?id=307618"]
[Date "2007.11.21"]
[Round "1"]
[White "danieltan"]
[Black "windows"]
[Result "1-0"]
[WhiteElo "1865"]
[BlackElo "1285"]

1. e4 e5 2. Nf3 d6 3. Nc3 Nf6 4. Bc4 h6 5. O-O c6 6. d3 d5 7. exd5 cxd5 8. Bb5+
Bd7 9. Nxe5 Be7 10. Be3 d4 11. Bxd7+ 1-0

[Event "AUTO-OPEN-909"]
[Site "http://www.queenalice.com/game.php?id=307619"]
[Date "2007.11.21"]
[Round "1"]
[White "windows"]
[Black "danieltan"]
[Result "0-1"]
[WhiteElo "1285"]
[BlackElo "1863"]

1. e4 e5 2. d4 exd4 3. Qxd4 Nc6 4. Qe3 Nf6 5. Nf3 b6 6. Bb5 Bb7 7. O-O Bc5 8.
Qe2 O-O 9. Be3 Nxe4 10. Bxc5 Nxc5 11. Nc3 Re8 12. Qd2 a6 0-1

[Event "razoman"]
[Site "http://www.queenalice.com/game.php?id=308503"]
[Date "2007.11.22"]
[Round "1"]
[White "Zoraida"]
[Black "danieltan"]
[Result "1-0"]
[WhiteElo "1872"]
[BlackElo "1875"]

1. e4 c5 2. Nf3 Nc6 3. c3 e6 4. d4 d5 5. e5 f6 6. Bb5 Bd7 7. Bxc6 Bxc6 8. Bf4
Qb6 9. b3 c4 10. bxc4 dxc4 11. Nbd2 Bd5 12. Qa4+ Kf7 13. Qd7+ Be7 14. O-O Bc6
15. exf6 Bxd7 16. Ne5+ Ke8 17. fxg7 Bf6 18. gxh8=Q Bxh8 19. Nexc4 Qc6 20. Rfe1
b5 21. Nd6+ Kf8 22. Rac1 Ne7 23. c4 Bxd4 24. cxb5 Qb6 25. N2c4 Bxf2+ 26. Kf1 Qd4
27. Be5 Qc5 28. Ne4 Qxb5 29. Kxf2 Rc8 30. Ned6 Qc5+ 31. Re3 Nd5 32. Nxc8 Qxc8
33. Rf3+ Kg8 34. Bd6 Bb5 35. Rf8+ 1-0

[Event "AUTO-ADV-675"]
[Site "http://www.queenalice.com/game.php?id=343340"]
[Date "2008.1.26"]
[Round "2"]
[White "andrevillares"]
[Black "danieltan"]
[Result "0-1"]
[WhiteElo "1976"]
[BlackElo "1943"]

1. d4 d5 2. c4 Nf6 3. cxd5 Nxd5 4. e4 Nf6 5. Bd3 Nc6 6. Ne2 a6 7. O-O Bg4 8. Be3
Bxe2 9. Qxe2 Nxd4 10. Bxd4 Qxd4 11. Rd1 Qe5 12. Nc3 e6 13. Qd2 Bb4 14. f4 Qc5+
15. Kh1 O-O-O 16. Qe2 Qe7 17. Bxa6 bxa6 18. Qxa6+ Kb8 19. Nb5 Bc5 20. b4 Nxe4
21. bxc5 Nf2+ 22. Kg1 Qxc5 23. Nd4 Rd6 24. Rab1+ Rb6 25. Rxb6+ cxb6 26. Rb1 Kc7
27. Nb5+ Kd8 28. Qa8+ Ke7 29. Qa7+ Kf6 30. Kf1 Ne4 31. Nd4 Nd2+ 32. Ke2 Nxb1 33.
Nf3 Rc8 34. g4 Qc2+ 35. Kf1 Nd2+ 36. Nxd2 Qxd2 0-1

[Event "AUTO-ADV-675"]
[Site "http://www.queenalice.com/game.php?id=343341"]
[Date "2008.1.26"]
[Round "2"]
[White "danieltan"]
[Black "andrevillares"]
[Result "1-0"]
[WhiteElo "1892"]
[BlackElo "1953"]

1. d4 Nf6 2. Nc3 e6 3. Nf3 d5 4. Bg5 Be7 5. e4 dxe4 6. Bxf6 exf3 7. Bxe7 fxg2 8.
Bxg2 Qxe7 9. Qd3 O-O 10. O-O-O Nc6 11. d5 Qg5+ 12. Kb1 exd5 13. Bxd5 Bf5 14. Qf3
Rad8 15. Rhg1 Qf6 16. Ne4 Qe5 17. Ng3 Bg6 18. h4 Bxc2+ 19. Kxc2 Nb4+ 20. Kb1
Nxd5 21. Rge1 Qd6 22. Nf5 Qb4 23. Rg1 c6 24. Nh6+ Kh8 25. Nxf7+ Kg8 26. Rxg7+
Kxg7 27. Rg1+ 1-0

[Event "AUTO-ADV-675"]
[Site "http://www.queenalice.com/game.php?id=343344"]
[Date "2008.1.26"]
[Round "2"]
[White "danieltan"]
[Black "razoman"]
[Result "1-0"]
[WhiteElo "1862"]
[BlackElo "1941"]

1. b3 d5 2. Bb2 d4 3. e3 c5 4. Bc4 e6 5. Nf3 dxe3 6. fxe3 Nc6 7. d4 cxd4 8. Nxd4
Qh4+ 9. g3 Qh3 10. Qf3 Nxd4 11. Bxd4 Ne7 12. Nc3 Nc6 13. Bb5 Bd7 14. O-O-O Ba3+
15. Kb1 O-O 16. Bxg7 Kxg7 17. Rxd7 Ne5 18. Qxb7 Nxd7 19. Bxd7 Qh6 20. Qf3 f5 21.
Nb5 Bc5 22. Nc7 Kf6 23. Nxa8 Qg7 24. Bc6 Ke7 25. Rd1 Rd8 26. Rxd8 Kxd8 27. Qf4
Ba3 28. Qd4+ Qxd4 29. exd4 h6 30. c4 Kc8 31. Kc2 f4 32. g4 Bd6 33. Bf3 e5 34.
Kd3 Kb8 35. c5 Bc7 36. Nxc7 Kxc7 37. d5 Kd7 38. Ke4 1-0

[Event "AUTO-ADV-675"]
[Site "http://www.queenalice.com/game.php?id=343345"]
[Date "2008.1.26"]
[Round "2"]
[White "razoman"]
[Black "danieltan"]
[Result "0-1"]
[WhiteElo "1900"]
[BlackElo "1928"]

1. e4 c5 2. Nf3 Nc6 3. Bc4 e6 4. c3 a6 5. d3 b5 6. Bb3 Nf6 7. O-O Bb7 8. Re1 Be7
9. Bg5 O-O 10. Nbd2 d5 11. e5 Nd7 12. Bxe7 Qxe7 13. d4 b4 14. Ba4 Nb6 15. Bxc6
Bxc6 16. cxb4 cxd4 17. Nxd4 Rac8 18. a3 Bb7 19. N2b3 Nd7 20. Qg4 Bc6 21. Nxc6
Rxc6 22. Rac1 Rfc8 23. Rxc6 Rxc6 24. Na5 Rc2 25. h3 Nb6 26. b3 Qa7 27. Qd1 Rc7
28. Qd4 Nc8 29. Qxa7 Nxa7 30. Kh2 Kf8 31. Rd1 Nb5 32. f3 Nxa3 33. Kg3 f6 34. Kf4
Kf7 35. Ra1 Nb5 36. Ke3 Kg6 37. exf6 gxf6 38. Kd3 Kf5 39. g3 Rc3+ 40. Kd2 Rxf3
41. Nc6 Rxb3 42. Rxa6 Rxg3 43. Rb6 Nc3 44. Nd4+ Ke5 45. Nxe6 Nb1+ 46. Kc1 Na3
47. h4 Nc4 48. Rc6 Rb3 49. Nc5 Rc3+ 50. Kd1 f5 51. Rh6 Kf4 52. b5 Nb2+ 53. Kd2
Rxc5 54. Rxh7 Rxb5 55. h5 Kg5 56. Rh8 d4 57. h6 Rb7 58. h7 Kh6 59. Kc2 Rxh7 60.
Rxh7+ Kxh7 61. Kxb2 Kg6 62. Kc2 Kf6 63. Kd2 Ke5 64. Kd3 f4 65. Ke2 Ke4 66. Kd2
f3 67. Kd1 Ke3 68. Ke1 f2+ 0-1

[Event "Challenge"]
[Site "http://www.queenalice.com/game.php?id=348844"]
[Date "2008.2.5"]
[Round "-"]
[White "danieltan"]
[Black "Nyvang"]
[Result "1-0"]
[WhiteElo "1910"]
[BlackElo "1756"]

1. d4 g6 2. Nf3 Bg7 3. e4 b6 4. Bd3 Bb7 5. Be3 d6 6. Nbd2 Nf6 7. h3 O-O 8. Qe2
Nc6 9. a3 e5 10. d5 Nd4 11. Nxd4 exd4 12. Bxd4 Nh5 13. Nf3 Nf4 14. Qf1 Qe7 15.
O-O-O Bh6 16. Kb1 c5 17. Bc3 c4 18. Bxc4 Qxe4 19. Re1 Qf5 20. g3 Bxd5 21. g4 Qc8
22. Bxd5 Nxd5 23. Bd4 Qc6 24. Nh4 b5 25. Qd3 b4 26. Ng2 a5 27. f4 Nxf4 28. Nxf4
Bxf4 29. Bf6 bxa3 30. Qxa3 Rfc8 31. Qd3 a4 32. g5 Qc5 33. Rhf1 Bxg5 34. Bd4 Qc6
35. Bc3 a3 36. Qd4 f6 37. Rxf6 axb2 38. Rxg6+ 1-0

[Event "AUTO-OPEN-909"]
[Site "http://www.queenalice.com/game.php?id=359395"]
[Date "2008.2.23"]
[Round "2"]
[White "braseiko"]
[Black "danieltan"]
[Result "0-1"]
[WhiteElo "1758"]
[BlackElo "1881"]

1. d4 d5 2. Nf3 Nc6 3. e3 Nf6 4. Bb5 Bd7 5. O-O a6 6. Ba4 b5 7. Bb3 Bg4 8. Nbd2
e5 9. dxe5 Nxe5 10. h3 Bh5 11. g4 Nfxg4 12. hxg4 Bxg4 13. Qe2 Qf6 14. Bxd5 Bd6
15. Bxa8 Qg6 16. Kh1 Nxf3 17. Bxf3 Qh5+ 0-1

[Event "AUTO-OPEN-909"]
[Site "http://www.queenalice.com/game.php?id=359396"]
[Date "2008.2.23"]
[Round "2"]
[White "danieltan"]
[Black "braseiko"]
[Result "1-0"]
[WhiteElo "1920"]
[BlackElo "1719"]

1. e4 e5 2. Nf3 Nf6 3. Nc3 Bc5 4. d4 exd4 5. Nxd4 O-O 6. Be3 Nc6 7. Bd3 d5 8.
Nxc6 bxc6 9. Bxc5 Re8 10. Qf3 dxe4 11. Nxe4 Nxe4 12. O-O-O Qg5+ 13. Be3 Qa5 14.
a3 Nc5 15. Rhe1 Nxd3+ 16. cxd3 Be6 17. Bd2 Qb5 18. Qg3 Rab8 19. Bc3 g6 20. Qf4
Qf5 21. Qxc7 Qxf2 22. Rxe6 1-0

[Event "AUTO-OPEN-909"]
[Site "http://www.queenalice.com/game.php?id=359403"]
[Date "2008.2.23"]
[Round "2"]
[White "serrameira"]
[Black "danieltan"]
[Result "0-1"]
[WhiteElo "1883"]
[BlackElo "1960"]

1. e4 c5 2. Nf3 Nc6 3. Bb5 g6 4. O-O Bg7 5. Re1 a6 6. Ba4 b5 7. Bb3 c4 8. Bxc4
bxc4 9. Nc3 e6 10. d4 Nge7 11. Be3 O-O 12. e5 d6 13. exd6 Qxd6 14. g3 Bb7 15.
Ne4 Qc7 16. Nc5 Rad8 17. Nxb7 Qxb7 18. Rb1 e5 19. c3 exd4 20. cxd4 Nf5 21. d5
Nb4 22. Bc5 Rfe8 23. Bxb4 Qxb4 24. Rxe8+ Rxe8 25. Nd2 Nd4 26. Kg2 Qd6 27. Nf3
Qxd5 28. b4 Qe4 29. Rc1 Rc8 30. a4 c3 0-1

[Event "AUTO-OPEN-909"]
[Site "http://www.queenalice.com/game.php?id=359404"]
[Date "2008.2.23"]
[Round "2"]
[White "danieltan"]
[Black "serrameira"]
[Result "1-0"]
[WhiteElo "1973"]
[BlackElo "1916"]

1. e4 c5 2. c4 d6 3. Nf3 Nf6 4. Nc3 Nc6 5. d4 cxd4 6. Nxd4 Nxd4 7. Qxd4 e5 8.
Qd1 Be7 9. Be3 O-O 10. Bd3 a6 11. O-O Be6 12. b3 Rc8 13. f4 Bg4 14. Be2 Bxe2 15.
Qxe2 exf4 16. Bxf4 Re8 17. Rad1 Rc6 18. e5 Nd7 19. Qg4 g6 20. exd6 Bxd6 21. Bxd6
Nf6 22. Qg3 Ne4 23. Nxe4 Rxe4 24. Rxf7 Kxf7 25. Qf3+ Kg8 26. Qxe4 Rxd6 27. Rd5
Rxd5 28. Qxd5+ Qxd5 29. cxd5 Kf7 30. Kf2 Kf6 31. Ke3 Ke5 32. d6 Kxd6 33. Kd4 b5
34. a3 h6 35. g3 a5 36. b4 axb4 37. axb4 Kc6 38. Ke5 1-0

[Event "AUTO-OPEN-909"]
[Site "http://www.queenalice.com/game.php?id=359409"]
[Date "2008.2.23"]
[Round "2"]
[White "danieltan"]
[Black "ZbynioG"]
[Result "0-1"]
[WhiteElo "1987"]
[BlackElo "2024"]

1. e4 Nf6 2. Nc3 d5 3. e5 Ne4 4. d4 Nc6 5. Bb5 Bf5 6. Nge2 e6 7. Be3 Be7 8. O-O
O-O 9. Rc1 f6 10. f4 a6 11. Ba4 b5 12. Bb3 fxe5 13. Nxe4 exd4 14. Nxd4 Nxd4 15.
Bxd4 Bxe4 16. Qg4 Rf7 17. Qxe6 c5 18. Bxd5 Bxd5 19. Qe5 cxd4 20. Qxd4 Rc8 21.
Qe5 Bf6 0-1

[Event "AUTO-OPEN-909"]
[Site "http://www.queenalice.com/game.php?id=359410"]
[Date "2008.2.23"]
[Round "2"]
[White "ZbynioG"]
[Black "danieltan"]
[Result "1-0"]
[WhiteElo "2035"]
[BlackElo "1972"]

1. d4 d5 2. c4 Nc6 3. g3 Bf5 4. Bg2 e6 5. Nf3 Nf6 6. O-O h6 7. cxd5 exd5 8. Nc3
Be7 9. Bf4 O-O 10. Ne5 Bd6 11. Nxd5 Nxd5 12. Bxd5 Bxe5 13. dxe5 Bh3 14. Re1 Rb8
15. e4 Ne7 16. Qb3 c6 17. Bc4 Ng6 18. Rad1 Qe7 19. e6 fxe6 20. Bxb8 b5 21. Bd6
Qg5 22. f4 Nxf4 23. Bxf8 Kxf8 24. Bf1 Bg4 25. Qa3+ Kg8 26. gxf4 Qxf4 27. Rd8+
Kh7 28. Qg3 1-0

[Event "Challenge"]
[Site "http://www.queenalice.com/game.php?id=390878"]
[Date "2008.4.20"]
[Round "-"]
[White "ORNELAS"]
[Black "danieltan"]
[Result "0-1"]
[WhiteElo "1656"]
[BlackElo "1883"]

1. d4 d5 2. Nd2 Nc6 3. Ngf3 Bg4 4. g3 Nf6 5. Bg2 e6 6. Ne5 Nxe5 7. O-O Nc6 8. c3
Bd6 9. f3 Bf5 10. b4 O-O 11. a4 Ne7 12. a5 Ng6 13. Qa4 c6 14. h4 Bxg3 15. e4
dxe4 16. fxe4 Nxe4 17. Nxe4 Qxh4 18. Nxg3 Qxg3 19. Qd1 Bg4 20. Qe1 Qd3 21. Bd2
Rae8 22. Be4 Qc4 23. Qe3 e5 24. Bd3 Qe6 25. Bxg6 Qxg6 26. Qg3 exd4 27. cxd4 Re2
28. Bf4 f5 29. Rae1 Rfe8 30. Rxe2 Rxe2 31. Rf2 Re1+ 32. Rf1 Rxf1+ 33. Kxf1 Qe6
34. Qh4 Be2+ 35. Kg2 h6 36. Qd8+ Kh7 37. Be5 Qg6+ 38. Kf2 Qg4 39. Qe7 b6 40.
Bxg7 Qxg7 41. Qxe2 Qxd4+ 42. Kf1 Qxb4 43. axb6 axb6 44. Kf2 b5 45. Qf3 Qe4 46.
Qb3 Kg6 47. Qg8+ Kh5 48. Qf7+ Kh4 49. Qg6 Qf4+ 50. Ke2 Qg4+ 51. Qxg4+ fxg4 52.
Ke3 Kg3 53. Kd4 b4 54. Kc4 c5 55. Kb3 Kf3 56. Kc4 g3 57. Kxc5 b3 58. Kd6 b2 59.
Ke6 g2 60. Kf6 b1=Q 61. Kg7 g1=Q+ 62. Kxh6 Qbg6# 0-1

[Event "AUTO-OPEN-1101"]
[Site "http://www.queenalice.com/game.php?id=391114"]
[Date "2008.4.21"]
[Round "1"]
[White "danieltan"]
[Black "ORNELAS"]
[Result "0-1"]
[WhiteElo "1959"]
[BlackElo "1353"]

1. e4 e5 2. Nf3 f6 3. Nc3 Bb4 4. a3 Bxc3 5. bxc3 d6 6. d4 Ne7 7. Bc4 Nbc6 8. O-O
Na5 9. Bb3 exd4 10. cxd4 b6 11. Bb2 Nxb3 12. cxb3 Bb7 13. d5 Qd7 14. b4 O-O-O
15. a4 Qg4 16. a5 bxa5 17. Rxa5 a6 18. Qd3 Kd7 19. Rc1 f5 20. e5 Rc8 21. b5 Nxd5
22. bxa6 Nf4 23. Qb5+ Ke6 24. axb7 Qxg2# 0-1

[Event "AUTO-OPEN-1101"]
[Site "http://www.queenalice.com/game.php?id=391115"]
[Date "2008.4.21"]
[Round "1"]
[White "ORNELAS"]
[Black "danieltan"]
[Result "0-1"]
[WhiteElo "1387"]
[BlackElo "1929"]

1. d4 d5 2. Nf3 Nc6 3. c3 Nf6 4. Bg5 h6 5. Bxf6 gxf6 6. Nbd2 e5 7. dxe5 fxe5 8.
g3 Bc5 9. Bg2 Bg4 10. Nh4 Qf6 11. O-O O-O-O 12. Qe1 Be7 13. e3 Qg7 14. b4 Bxh4
15. gxh4 Bh3 16. f4 Qxg2# 0-1

[Event "AUTO-OPEN-1101"]
[Site "http://www.queenalice.com/game.php?id=391116"]
[Date "2008.4.21"]
[Round "1"]
[White "danieltan"]
[Black "jns"]
[Result "1-0"]
[WhiteElo "1933"]
[BlackElo "1490"]

1. e4 e5 2. Nf3 Nf6 3. Bc4 d5 4. exd5 Nxd5 5. O-O Be6 6. Re1 Bd6 7. Nxe5 O-O 8.
d4 Qf6 9. Ng4 Qh4 10. h3 f5 11. Ne5 Nd7 12. Qf3 1-0

[Event "AUTO-OPEN-1101"]
[Site "http://www.queenalice.com/game.php?id=391117"]
[Date "2008.4.21"]
[Round "1"]
[White "jns"]
[Black "danieltan"]
[Result "0-1"]
[WhiteElo "1492"]
[BlackElo "1931"]

1. Nh3 e5 2. e4 Nf6 3. d4 Nc6 4. d5 Ne7 5. d6 cxd6 6. Bb5 a6 7. Ba4 d5 8. exd5
Qa5+ 9. Nc3 Ne4 10. d6 Nxc3 11. bxc3 Qxa4 12. Bg5 Nf5 0-1

[Event "AUTO-OPEN-1101"]
[Site "http://www.queenalice.com/game.php?id=391118"]
[Date "2008.4.21"]
[Round "1"]
[White "danieltan"]
[Black "aknightout"]
[Result "0-1"]
[WhiteElo "1890"]
[BlackElo "2125"]

1. e4 e5 2. Nf3 d6 3. Nc3 Nf6 4. Bc4 Bg4 5. d3 Be7 6. Be3 a5 7. Nd5 Bd7 8. O-O
b5 9. Nxe7 Qxe7 10. Bxb5 Bxb5 11. c4 Bd7 12. d4 O-O 13. dxe5 dxe5 14. Bg5 h6 15.
Bh4 Qd6 16. Qc2 Bc6 17. Bxf6 Qxf6 0-1

[Event "AUTO-OPEN-1101"]
[Site "http://www.queenalice.com/game.php?id=391119"]
[Date "2008.4.21"]
[Round "1"]
[White "aknightout"]
[Black "danieltan"]
[Result "1-0"]
[WhiteElo "2120"]
[BlackElo "1897"]

1. e4 e5 2. Nf3 Nc6 3. d3 Bc5 4. c3 Nf6 5. b4 Bb6 6. b5 Ne7 7. Nxe5 d5 8. Nd2
dxe4 9. dxe4 Be6 10. Be2 Qd6 11. Nec4 Bxc4 12. Bxc4 O-O-O 13. O-O Kb8 14. Re1
Qe5 15. Qb3 Ng4 16. Nf3 Bxf2+ 17. Kf1 Bxe1 18. Nxe5 1-0

[Event "Challenge"]
[Site "http://www.queenalice.com/game.php?id=395534"]
[Date "2008.4.29"]
[Round "-"]
[White "ORNELAS"]
[Black "danieltan"]
[Result "1-0"]
[WhiteElo "1520"]
[BlackElo "1935"]

1. d4 d5 2. Qd3 Nc6 3. c3 Nf6 4. Bg5 g6 5. Nf3 Bf5 6. Qd1 Qd6 7. Nbd2 Bg7 8. g3
e5 9. dxe5 Nxe5 10. Bg2 O-O 11. Nxe5 Qxe5 12. Nf3 Qd6 13. O-O Nd7 14. Nh4 Be6
15. e3 Ne5 16. b3 h6 17. Bf4 Qc5 18. Bxe5 Bxe5 19. Nf3 Bg7 20. Nd4 c6 21. a3
Qxc3 22. Nxe6 fxe6 23. Rc1 Qxb3 24. Qxb3 1-0

[Event "Challenge"]
[Site "http://www.queenalice.com/game.php?id=396897"]
[Date "2008.5.2"]
[Round "-"]
[White "ORNELAS"]
[Black "danieltan"]
[Result "0-1"]
[WhiteElo "1635"]
[BlackElo "1890"]

1. d4 d5 2. Bf4 Nc6 3. c3 Nf6 4. Nd2 Bf5 5. g3 e6 6. Ngf3 Ne4 7. Bg2 Be7 8. O-O
O-O 9. e3 Bd6 10. Ng5 Nxg5 11. Bxg5 Qxg5 12. Nf3 Qe7 13. Re1 Be4 14. Qb3 b6 15.
Qb5 Nd8 16. Qa6 c5 17. Red1 Rb8 18. dxc5 bxc5 19. b3 Rb6 20. Qf1 Qf6 21. Qe2 Nc6
22. c4 d4 23. exd4 Bxf3 24. Bxf3 Nxd4 25. Qe4 Nxf3+ 26. Kg2 Ng5 27. Qe3 Be5 28.
Qxc5 Qf3+ 29. Kf1 Bxa1 30. Rd7 Ne4 31. Qe3 Qxe3 32. fxe3 Rd6 33. Rxd6 Nxd6 34.
Kg2 f5 35. Kh3 g5 36. c5 Ne4 37. b4 Rd8 38. c6 Rd2 39. c7 Bf6 40. c8=Q+ Kf7 41.
Qc7+ Kg6 42. g4 Nf2+ 43. Kg3 Nd3 44. gxf5+ exf5 45. e4 Be5+ 46. Qxe5 Nxe5 47.
exf5+ Kxf5 48. a4 Rd3+ 49. Kf2 Kf4 50. b5 Rd2+ 51. Ke1 Ke3 52. a5 Rxh2 53. b6
Rh1# 0-1

[Event "razoman"]
[Site "http://www.queenalice.com/game.php?id=415866"]
[Date "2008.6.10"]
[Round "3"]
[White "danieltan"]
[Black "Inaki"]
[Result "0-1"]
[WhiteElo "1896"]
[BlackElo "2062"]

1. e4 c6 2. Nf3 d5 3. e5 Bf5 4. d4 e6 5. Bd2 Qb6 6. b3 c5 7. c3 Nd7 8. Na3 Ne7
9. Bb5 Nc6 10. Bxc6 Qxc6 11. Nc2 Be7 12. O-O O-O 13. Ne3 Bg6 14. Bc1 cxd4 15.
cxd4 Bh5 16. Re1 Bxf3 17. Qxf3 Qc3 0-1